|
|
|
|
| LEADER |
02753nam a22005415i 4500 |
| 001 |
978-3-319-66302-9 |
| 003 |
DE-He213 |
| 005 |
20170909123845.0 |
| 007 |
cr nn 008mamaa |
| 008 |
170909s2017 gw | s |||| 0|eng d |
| 020 |
|
|
|a 9783319663029
|9 978-3-319-66302-9
|
| 024 |
7 |
|
|a 10.1007/978-3-319-66302-9
|2 doi
|
| 040 |
|
|
|d GrThAP
|
| 050 |
|
4 |
|a QA76.758
|
| 072 |
|
7 |
|a UMZ
|2 bicssc
|
| 072 |
|
7 |
|a COM051230
|2 bisacsh
|
| 082 |
0 |
4 |
|a 005.1
|2 23
|
| 245 |
1 |
0 |
|a Model-Driven Engineering and Software Development
|h [electronic resource] :
|b 4th International Conference, MODELSWARD 2016, Rome, Italy, February 19-21, 2016, Revised Selected Papers /
|c edited by Slimane Hammoudi, Luís Ferreira Pires, Bran Selic, Philippe Desfray.
|
| 264 |
|
1 |
|a Cham :
|b Springer International Publishing :
|b Imprint: Springer,
|c 2017.
|
| 300 |
|
|
|a XIV, 355 p. 131 illus.
|b online resource.
|
| 336 |
|
|
|a text
|b txt
|2 rdacontent
|
| 337 |
|
|
|a computer
|b c
|2 rdamedia
|
| 338 |
|
|
|a online resource
|b cr
|2 rdacarrier
|
| 347 |
|
|
|a text file
|b PDF
|2 rda
|
| 490 |
1 |
|
|a Communications in Computer and Information Science,
|x 1865-0929 ;
|v 692
|
| 505 |
0 |
|
|a Modeling languages, tools and architectures -- Methodologies, processes and platforms -- Applications and software development.
|
| 520 |
|
|
|a This book constitutes thoroughly revised and selected papers from the 4th International Conference on Model-Driven Engineering and Software Development, MODELSWARD 2016, held in Rome, Italy, in February 2016. The 17 thoroughly revised and extended papers presented in this volume were carefully reviewed and selected from 118 submissions. They are organized in topical sections named: modeling languages, tools and architectures; methodologies, processes and platforms; applications and software development.
|
| 650 |
|
0 |
|a Computer science.
|
| 650 |
|
0 |
|a Software engineering.
|
| 650 |
|
0 |
|a Programming languages (Electronic computers).
|
| 650 |
|
0 |
|a Artificial intelligence.
|
| 650 |
|
0 |
|a Computer simulation.
|
| 650 |
1 |
4 |
|a Computer Science.
|
| 650 |
2 |
4 |
|a Software Engineering.
|
| 650 |
2 |
4 |
|a Simulation and Modeling.
|
| 650 |
2 |
4 |
|a Programming Languages, Compilers, Interpreters.
|
| 650 |
2 |
4 |
|a Artificial Intelligence (incl. Robotics).
|
| 700 |
1 |
|
|a Hammoudi, Slimane.
|e editor.
|
| 700 |
1 |
|
|a Pires, Luís Ferreira.
|e editor.
|
| 700 |
1 |
|
|a Selic, Bran.
|e editor.
|
| 700 |
1 |
|
|a Desfray, Philippe.
|e editor.
|
| 710 |
2 |
|
|a SpringerLink (Online service)
|
| 773 |
0 |
|
|t Springer eBooks
|
| 776 |
0 |
8 |
|i Printed edition:
|z 9783319663012
|
| 830 |
|
0 |
|a Communications in Computer and Information Science,
|x 1865-0929 ;
|v 692
|
| 856 |
4 |
0 |
|u http://dx.doi.org/10.1007/978-3-319-66302-9
|z Full Text via HEAL-Link
|
| 912 |
|
|
|a ZDB-2-SCS
|
| 950 |
|
|
|a Computer Science (Springer-11645)
|